Detalles MARC
| 000 -ENCABEZADO |
| Número de control [NR] |
02575nam a2200337Ia 4500 |
| 005 - FECHA Y HORA DE LA ÚLTIMA TRANSACCIÓN |
| control field |
20200311151651.0 |
| 008 - DE LONGITUD FIJA DE DATOS DE ELEMENTOS - INFORMACIÓN GENERAL |
| Elementos de longitud fija [NR] |
130821s1869 fr a fr 1 spa |
| 040 ## - FUENTE DE CATALOGACION [NR] |
| Agencia de catalogación original [NR] |
Co-BoUCM |
| Idioma de catalogación [NR] |
spa |
| Quien Cataloga |
Sandra Yazo |
| Quien Clasifica |
Sandra Yazo |
| 041 0# - CODIGO DE IDIOMA [R] |
| Código de idioma para texto/pista de sonido o título separado [R] |
Francés |
| 082 04 - NUMERO DE CLASIFICACION DECIMAL DEWEY [R] |
| Número de clasificación [R] |
541.3 |
| Número de la edición [NR] |
20 |
| 092 ## - SIGNATURA TOPOGRAFICA LOCAL |
| Número de clasificación local |
E11N024 |
| 100 1# - ASIENTO PRINCIPAL--NOMBRE PERSONAL [NR] |
| Nombre personal [NR] |
Moigno |
| Forma más completa del nombre [NR] |
Francois Napoléon Marie |
| Fechas asociadas con el nombre [NR] |
1804-1884 |
| Títulos u otras palabras asociadas al nombre [R] |
Sacerdote |
| ID Autoridad |
100374 |
| 242 ## - TRADUCCION DEL TITULO POR LA AGENCIA CATALOGADORA [R] |
| Título [NR] |
Recopilaciones de temas de física y química puras y aplicadas |
| Mención de responsabilidad, etc. [NR] |
Por el P. Moigno |
| Código de idioma del título traducido [NR] |
spa |
| 245 10 - MENCION DE TITULO [NR] |
| Título [NR] |
Mélanges de physique et de chimie pures et appliquées |
| Mención de responsabilidad, etc. [NR] |
Par M. L'Abbé Moigno |
| 260 ## - PUBLICACION, DISTRIBUCION, ETC. (PIE DE IMPRENTA) [R] |
| Lugar de publicación, distribución, etc. [R] |
París (Francia) |
| Nombre del editor, distribuidor, etc. [R] |
Au Bureau du Journal Les Mondes [En las oficinas del Diario Les Mondes] ; |
| -- |
Typographie Walder [Imprenta Walder] |
| Fecha de publicación, distribución, etc. [R] |
1869 |
| 300 ## - DESCRIPCION FISICA [R] |
| Extensión [R] |
iv, 244 páginas |
| Otros detalles físicos [NR] |
ilustraciones, fórmulas, gráficas |
| Dimensiones [R] |
18 x 12 cm. |
| 490 0# - MENCION DE SERIE [R] |
| Mención de serie [R] |
Actualités scientifiques [Actualidades científicas] |
| 500 ## - NOTA GENERAL [R] |
| Nota general [NR] |
Detalles físicos: Encuadernación rígida, en cartón forrado en tela texturizada. Lomo con repujados y adornos en dorado. Tapa posterior con mancha de tinta, residuos de rótulos antiguos. Guardas. Anteportada. Portada impresa en una sola tinta. Texto en una sola columna con varios tipos y tamaños de letra. Tiene notas de pie de página. Ilustraciones entre el texto. Algunas páginas con manchas de tinta al final de la obra |
| 505 0# - NOTA DE CONTENIDO CON FORMATO PREESTABLECIDO [R] |
| Nota de contenido con formato preestablecido [NR] |
Sobre el oxígeno / M. Graham ; Unas nuevas reacciones químicas producidas por la luz / John Tyndall ; Rayos químicos y luz celeste /John Tyndall ; Temperatura de las llamas y su relación con la presión / M. Frankland ; Calor que se desprende de la combustión / Macquorn Rankine ; Trabajos de investigación de Henry Saint-Claire-Deville ; Sobre la anilina o colores del asfalto de hulla / W. H. Perkin ; Nuevos métodos para la fabricación y refinación del azúcar / E. Marguerite ; Poderes calóricos de los carbones minerales y de la hulla / Henry Saint-Claire-Deville |
| 506 ## - NOTA DE RESTRICCIONES DE ACCESO [R] |
| Condiciones de acceso [NR] |
Consulta en sala |
| 546 ## - NOTA DE IDIOMA [R] |
| Nota de idioma [NR] |
Texto en francés |
| 650 #7 - ASIENTO SECUNDARIO DE MATERIA - TERMINO TEMATICO [R] |
| Término temático o nombre geográfico como elemento de entrada [NR] |
Química |
| 9 (RLIN) |
22980 |
| 650 #7 - ASIENTO SECUNDARIO DE MATERIA - TERMINO TEMATICO [R] |
| Término temático o nombre geográfico como elemento de entrada [NR] |
Física |
| 9 (RLIN) |
15907 |
| 650 #7 - ASIENTO SECUNDARIO DE MATERIA - TERMINO TEMATICO [R] |
| Término temático o nombre geográfico como elemento de entrada [NR] |
Luz |
| 9 (RLIN) |
18834 |
| 650 #7 - ASIENTO SECUNDARIO DE MATERIA - TERMINO TEMATICO [R] |
| Término temático o nombre geográfico como elemento de entrada [NR] |
Calor |
| 9 (RLIN) |
10333 |
| 650 #7 - ASIENTO SECUNDARIO DE MATERIA - TERMINO TEMATICO [R] |
| Término temático o nombre geográfico como elemento de entrada [NR] |
Carbón |
| 9 (RLIN) |
10478 |
| 650 #7 - ASIENTO SECUNDARIO DE MATERIA - TERMINO TEMATICO [R] |
| Término temático o nombre geográfico como elemento de entrada [NR] |
Azúcar |
| 9 (RLIN) |
7329 |
| 690 ## - ASUNTO AGREGADO LOCAL DE ENTRADA - TÉRMINO TEMÁTICO (OCLC, RLIN) |
| Acceso temático local |
Ciencias naturales |
| 9 (RLIN) |
10813 |
| 856 41 - LOCALIZACION Y ACCESO ELECTRONICOS [R] |
| Identificador Uniforme del Recurso (“URI”) [R] |
<a href="https://books.google.com.co/books?id=pRANAAAAYAAJ&printsec=frontcover&dq=M%C3%A9langes+de+physique+et+de+chimie+pures+et+appliqu%C3%A9es+por+Moigno&hl=es&sa=X&ved=0ahUKEwjT3K-2npPoAhVSdt8KHZvPAoUQ6AEIKzAA#v=onepage&q=M%C3%A9langes%20de%20physique%20et%20de%20chimie%20pures%20et%20appliqu%C3%A9es%20por%20Moigno&f=false">https://books.google.com.co/books?id=pRANAAAAYAAJ&printsec=frontcover&dq=M%C3%A9langes+de+physique+et+de+chimie+pures+et+appliqu%C3%A9es+por+Moigno&hl=es&sa=X&ved=0ahUKEwjT3K-2npPoAhVSdt8KHZvPAoUQ6AEIKzAA#v=onepage&q=M%C3%A9langes%20de%20physique%20et%20de%20chimie%20pures%20et%20appliqu%C3%A9es%20por%20Moigno&f=false</a> |
| 942 ## - ELEMENTOS DE ENTRADA AGREGADOS (KOHA) |
| Tipo de ítem principal el descrito en 300a |
Libro |
| Tema principal |
25 |
| Edición |
1 |
| Sistema de clasificación |
LOCAL |
| Clasificación |
E11N024 |